| 000 | 00983nam a2200265 i 4500 | ||
|---|---|---|---|
| 001 | bg | ||
| 100 | 1 | _aSZYMAŃSKI, Marian | |
| 245 | 1 | 0 |
_aĆwiczenia laboratoryjne z techniki cieplnej : _bwprowadzenie do ćwiczeń / _cMarian Szymański, Jan Łukasiewicz, Marek Szymczak. |
| 260 |
_aBydgoszcz : _bWydawnictwa Uczelniane AT-R, _c1998. |
||
| 300 |
_a193 s. : _brys., wykr. ; _c24 cm. |
||
| 490 | 1 | _aSkrypty / Akademia Techniczno-Rolnicza im. Jana i Jędrzeja Śniadeckich w Bydgoszczy | |
| 504 | _aBibliogr. s. 192-193 i przy rozdz. | ||
| 650 | 9 |
_aTermodynamika techniczna _xpomiary |
|
| 655 | _aPodręczniki akademickie | ||
| 700 | 1 | _aŁUKASIEWICZ, Jan | |
| 700 | 1 | _aSZYMCZAK, Marek | |
| 830 | 0 | _aSkrypty (Akademia Techniczno-Rolnicza im. Jana i Jędrzeja Śniadeckich w Bydgoszczy) | |
| 020 | _a8387274607 | ||
| 040 | _cBPK | ||
| 041 | 0 | _apl | |
| 080 | _a621.1.01:536.7](075.8) | ||
| 920 | _a83-87274-60-7 | ||
| 942 | _cKS | ||
| 008 | s pl f |000 0 pol | ||
| 999 |
_c37734 _d37734 |
||
| 856 |
_uhttp://koha.tu.koszalin.pl/cgi-bin/koha/opac-detail.pl?biblionumber=37734 _yKatalog online BPK |
||